Представление документа в формате RUSMARC

ПолеНазваниеЗначение
  Тип записи i
  Библиографический уровень m
001 Контрольный номер RU/IS/BASE/469020258
005 Дата корректировки 20201206204932.5
010 Индекс ISBN __
a ISBN 978-5-9677-2071-0 (в кор.)
d Цена 168-75
100 Данные общей обработки __
a Данные общей обработки 19141111d2014||||||| 0rusy0189 ca
101 Язык документа 0_
a Язык текста rus
102 Страна публикации __
a Страна публикации ru
105 Кодированные данные (монография) __
a Кодированные данные (монография) nn|||||||z|zy
127 Кодированные данные (звукозаписи-физические характеристики) __
a Продолжительность проигрывания 00 ч 48 мин
200 Заглавие и сведения об ответственности 1_
a Заглавие Дэвид Копперфилд
e Сведения, относящиеся к заглавию [аудиокнига : 12+]
f Первые сведения об ответственности Чарлз Диккенс ; [исполнители: Алексей Консовский и др. ; музыка: А. Крейн ; оркестр под управлением Бориса Шермана]
b Общее обозначение материала Звукозапись
210 Выходные данные __
a Место издания Москва
c Издательство 1С-Паблишинг
c Издательство Агентство
d Дата издания 2014
215 Физическое описание __
a Объем 1 электрон. опт. диск (Audio CD)
c Иллюстрации/тип воспроизводства mp3, stereo
d Формат 12х14 см
225 Серия __
a Серия 1С: Аудиокниги
225 Серия __
a Серия Зарубежная классика
230 Специфическая характеристика материала: электронные ресурсы __
a Обозначение и объем ресурса Электронные звуковые данные
300 Общие примечания __
a Общие примечания Радиопостановка, запись 1946 г.
323 Примечание о главных создателях, исполнителях, участниках __
a Примечание о главных создателях, исполнителях, участниках Консовский, А.
323 Примечание о главных создателях, исполнителях, участниках __
a Примечание о главных создателях, исполнителях, участниках Сперантова, В.
323 Примечание о главных создателях, исполнителях, участниках __
a Примечание о главных создателях, исполнителях, участниках Фадеева, Е.
323 Примечание о главных создателях, исполнителях, участниках __
a Примечание о главных создателях, исполнителях, участниках Лаврова, М.
323 Примечание о главных создателях, исполнителях, участниках __
a Примечание о главных создателях, исполнителях, участниках Оленин, Б.
323 Примечание о главных создателях, исполнителях, участниках __
a Примечание о главных создателях, исполнителях, участниках Викландт, О.
323 Примечание о главных создателях, исполнителях, участниках __
a Примечание о главных создателях, исполнителях, участниках Раневская, Ф.
323 Примечание о главных создателях, исполнителях, участниках __
a Примечание о главных создателях, исполнителях, участниках Хенкин, В.
323 Примечание о главных создателях, исполнителях, участниках __
a Примечание о главных создателях, исполнителях, участниках Яншин, М.
323 Примечание о главных создателях, исполнителях, участниках __
a Примечание о главных создателях, исполнителях, участниках Салант, Н.
323 Примечание о главных создателях, исполнителях, участниках __
a Примечание о главных создателях, исполнителях, участниках Названов, М.
323 Примечание о главных создателях, исполнителях, участниках __
a Примечание о главных создателях, исполнителях, участниках Гай, А.
323 Примечание о главных создателях, исполнителях, участниках __
a Примечание о главных создателях, исполнителях, участниках Кубацкий, А.
330 Аннотация __
a Аннотация Слушателям предлагается аудиоверсия популярнейшего произведения классика английской и мировой литературы Чарльза Диккенса (1812–1870). Роман "Дэвид Копперфилд" во многом автобиографичен. В нем рассказывается о судьбе мальчика, вынужденного в одиночку сражаться против жестокого, бездушного мира. Лишь твердость духа, искренность и талант способны превратить грязного оборванца в крупнейшего писателя Англии. "Дэвидом Копперфилдом" восхищались Л. Н. Толстой, Ф. М. Достоевский, Г. Джеймс, Ф. Кафка. А сам Диккенс в одном из предисловий к роману писал: "Мне легко поверят, если я скажу, что отношусь как нежный отец ко всем детям моей фантазии… Но есть один ребенок, который мне особенно дорог… Его имя - Дэвид Копперфилд".
333 Примечание о целевом назначении __
a Примечание о целевом назначении 12+. Для детей старше 12 лет
337 Примечание о системных требованиях (электронные ресурсы) __
a Примечание о системных требованиях (электронные ресурсы) Системные требования: ПК: MS Windows 95/98/2000/XP/Vista/7/8 ; Pentium 100 ; RAM 16Mb ; монитор SVGA, 800x600 ; CD/DVD-ROM ; звуковая карта ; колонки или наушники ; мышь или аудиосистемы с поддержкой формата МР3: муз. центр ; CD/DVD-плеер, планшет, смартфон и прочие устройства
606 Тематические рубрики __
a Основная рубрика Художественная литература
606 Тематические рубрики __
a Основная рубрика Литература Европы (произведения)
610 Ключевые слова __
a Ключевые слова автобиографические романы
a Ключевые слова английская литература
a Ключевые слова зарубежная литература
a Ключевые слова иностранная литература
a Ключевые слова романы
a Ключевые слова тема воспитания
a Ключевые слова тема становления личности
686 Индексы других классификаций __
2 Код системы rubbks
a Классификационный индекс 84(4Вел)52-4я04; ст84(4Вел)-4я0
700 Автор _1
a Фамилия Диккенс
b Имя Ч.
f Даты 1812-1870
g Полное личное имя Чарлз
4 Код отношения 070
702 Вторичная интеллектуальная ответственность _1
a Фамилия Крейн
b Имя А.
4 Код отношения Композитор
4 Код отношения 230
702 Вторичная интеллектуальная ответственность _1
a Фамилия Шерман
b Имя Б.
4 Код отношения Дирижер
4 Код отношения 250
801 Источник записи _0
a Страна ru
b Организация Муниципальное бюджетное учреждение культуры "Централизованная библиотечная система" г. Сургут (Центральная городская библиотека им. А. С. Пушкина)
c Дата составления 20141111
g Правила каталогизации КиК/Лукашук
801 Источник записи _1
a Страна ru
b Организация Муниципальное бюджетное учреждение культуры "Централизованная библиотечная система" г. Сургут (Центральная городская библиотека им. А. С. Пушкина)
c Дата составления 20141111
g Правила каталогизации КиК/Лукашук
852 Данные о местонахождении __
j Шифр хранения 84(4Вел)52-4я04
i Авторский знак Д 45
901 Тип документа __
t Тип документа 0
903 Характеристики (МАРС) __
a Дата передачи 20141111
969 Тип издания __
a Тип издания аудиокнига; издание для слепых
990 Данные о заказе (DOS) __
j Количество экземпляров (DOS) 3
t N записи в КСУ для И/У (DOS) 201411